书目信息 |
| 题名: |
无线网络规划设计类工具实操指南
|
|
| 作者: | 董江波 主编 ;刘玮 , 梁童 , 李晓良 编著 | |
| 分册: | ||
| 出版信息: | 北京 人民邮电出版社 2020.05 |
|
| 页数: | 208页 | |
| 开本: | 24cm | |
| 丛书名: | 信息通信工程设计丛书 | |
| 单 册: | ||
| 中图分类: | TN929.533 | |
| 科图分类: | ||
| 主题词: | 码分多址移动通信--ma fen duo zhi yi dong tong xin--网络规划--指南 | |
| 电子资源: | ||
| ISBN: | 978-7-115-50941-3 | |
| 000 | 01386nam 2200313 450 | |
| 001 | 202020139840 | |
| 005 | 20200926181351.0 | |
| 010 | @a978-7-115-50941-3@dCNY89.00 | |
| 100 | @a20200917d2020 em y0chiy50 ea | |
| 101 | 0 | @achi |
| 102 | @aCN@b110000 | |
| 105 | @aa a 000yy | |
| 106 | @ar | |
| 200 | 1 | @a无线网络规划设计类工具实操指南@Awu xian wang luo gui hua she ji lei gong ju shi cao zhi nan@d= Practical guide for wireless network planning and design tools@f董江波主编@g刘玮, 梁童, 李晓良等编著@zeng |
| 210 | @a北京@c人民邮电出版社@d2020.05 | |
| 215 | @a208页@c图@d24cm | |
| 225 | 2 | @a信息通信工程设计丛书@Axin xi tong xin gong cheng she ji cong shu |
| 320 | @a有书目 (第208页) | |
| 330 | @a本书分为8章, 主要内容包括: 绪论、无线网络规划与设计的工作流程、基于大数据应用的网络规划设计、室外场景下的无线网络规划类工具介绍、室外场景下无线网络规划类工具实操案例、室内场景下的无线网络设计类工具介绍等。 | |
| 410 | 0 | @12001 @a信息通信工程设计丛书 |
| 510 | 1 | @aPractical guide for wireless network planning and design tools@zeng |
| 606 | 0 | @a码分多址移动通信@Ama fen duo zhi yi dong tong xin@x网络规划@j指南 |
| 690 | @aTN929.533@v5 | |
| 701 | 0 | @a董江波@Adong jiang bo@4主编 |
| 702 | 0 | @a刘玮@Aliu wei@4编著 |
| 702 | 0 | @a梁童@Aliang tong@4编著 |
| 702 | 0 | @a李晓良@Ali xiao liang@4编著 |
| 801 | 0 | @aCN@c20200421 |
| 905 | @a河南城建学院图书馆@dTN929.533@eD700 | |
| 无线网络规划设计类工具实操指南= Practical guide for wireless network planning and design tools/董江波主编/刘玮, 梁童, 李晓良等编著.-北京:人民邮电出版社,2020.05 |
| 208页:图;24cm.-(信息通信工程设计丛书) |
| ISBN 978-7-115-50941-3:CNY89.00 |
| 本书分为8章, 主要内容包括: 绪论、无线网络规划与设计的工作流程、基于大数据应用的网络规划设计、室外场景下的无线网络规划类工具介绍、室外场景下无线网络规划类工具实操案例、室内场景下的无线网络设计类工具介绍等。 |
| ● |
| 相关链接 |
|
|
|
正题名:无线网络规划设计类工具实操指南
索取号:TN929.533/D700
 
预约/预借
| 序号 | 登录号 | 条形码 | 馆藏地/架位号 | 状态 | 备注 |
| 1 | 1489894 | 214898949 | 自科库301/301自科库 100排3列1层/ [索取号:TN929.533/D700] | 在馆 | |
| 2 | 1489895 | 214898958 | 自科库301/301自科库 100排3列1层/ [索取号:TN929.533/D700] | 在馆 |